[Event "Leamington Spa 4NCL op 25th"]
[Site "Leamington Spa"]
[Date "2021.07.10"]
[Round "2"]
[White "Wells, Peter K"]
[Black "Menzies, Colin"]
[Result "1-0"]
[WhiteElo "2397"]
[BlackElo "2185"]
[PlyCount "79"]
[EventDate "2021.07.09"]
[EventType "swiss"]
[EventRounds "5"]
[EventCountry "ENG"]
[SourceTitle "CBM 203 Extra"]
[Source "ChessBase"]
[SourceDate "2021.09.30"]
[SourceVersion "1"]
[SourceVersionDate "2021.09.30"]
[SourceQuality "1"]

1. d4 g6 2. e4 Bg7 3. c4 d6 4. Nc3 e5 5. Nf3 Nc6 6. Bg5 f6 7. Be3 Bg4 8. d5 Nd4 9. Nb5 f5 10. Qa4 Kf8 11. Nfxd4 exd4 12. Bxd4 fxe4 13. Bxg7+ Kxg7 14. Qa3 Nf6 15. Nd4 Qe7 16. Be2 Bd7 17. 0-0 Qe5 18. Rad1 Rhf8 19. Nc2 Ng4 20. Bxg4 Bxg4 21. Rde1 Qf4 22. Qc3+ Kg8 23. Qd4 Rae8 24. f3 Bd7 25. fxe4 Qe5 26. Rxf8+ Kxf8 27. Qxe5 Rxe5 28. Kf2 Kg7 29. Nd4 Kf6 30. b4 c6 31. h3 Re7 32. Re3 Ke5 33. Nf3+ Kf6 34. c5 cxd5 35. exd5 Bb5 36. cxd6 Rxe3 37. Kxe3 Bc4 38. Kd4 Bxa2 39. Ng5 Bb3 40. d7 1-0

[Event "BCF-chT3Sb 1920 (4NCL)"]
[Site "England"]
[Date "2020.01.12"]
[Round "4.82"]
[White "Menzies, Colin"]
[Black "Nettleton, Charlie"]
[Result "1/2-1/2"]
[WhiteElo "2181"]
[BlackElo "2004"]
[PlyCount "67"]
[EventDate "2019.11.09"]
[EventType "team-tourn"]
[EventRounds "11"]
[EventCountry "ENG"]
[SourceTitle "EXT 2023"]
[Source "ChessBase"]
[SourceDate "2022.10.05"]
[SourceVersion "1"]
[SourceVersionDate "2022.10.05"]
[SourceQuality "1"]
[WhiteTeam "Fermented Sharks"]
[BlackTeam "Cambridge University II"]
[WhiteTeamCountry "ENG"]
[BlackTeamCountry "ENG"]

1. e4 e5 2. Nf3 Nc6 3. d4 exd4 4. Nxd4 Bc5 5. Nb3 Bb6 6. Nc3 Qf6 7. Qe2 Nge7 8. Be3 0-0 9. 0-0-0 d6 10. f3 Be6 11. h4 Ng6 12. Bg5 Qe5 13. Qd2 Bxb3 14. axb3 Qa5 15. Na4 Qxd2+ 16. Bxd2 Nge5 17. Nxb6 axb6 18. Kb1 Ra7 19. c3 Rfa8 20. Be2 Ra1+ 21. Kc2 Rxd1 22. Rxd1 h5 23. Rh1 Ne7 24. Re1 g6 25. Bg5 Re8 26. Ra1 Kg7 27. Bxe7 Rxe7 28. Ra7 c6 29. Ba6 f6 30. Rxb7 Rxb7 31. Bxb7 g5 32. Kd2 gxh4 33. Ke2 c5 34. Ke3 1/2-1/2

[Event "London Classic Weekend op 11th"]
[Site "London"]
[Date "2019.12.01"]
[Round "4"]
[White "Menzies, Colin"]
[Black "Merriman, John"]
[Result "1/2-1/2"]
[WhiteElo "2176"]
[BlackElo "2223"]
[PlyCount "44"]
[EventDate "2019.11.29"]
[EventType "swiss"]
[EventRounds "5"]
[EventCountry "ENG"]
[SourceTitle "CBM 193 Extra"]
[Source "ChessBase"]
[SourceDate "2020.01.31"]
[SourceVersion "1"]
[SourceVersionDate "2020.01.31"]
[SourceQuality "1"]

1. Nf3 d5 2. c4 e6 3. g3 Nf6 4. Bg2 c6 5. d4 Be7 6. 0-0 0-0 7. Nc3 b6 8. Nd2 Ba6 9. cxd5 cxd5 10. Re1 Bb7 11. a3 Nc6 12. e3 Rc8 13. Nf3 Na5 14. Ne5 Nc4 15. Nxc4 Rxc4 16. Bd2 Qd7 17. Bf1 Rcc8 18. Bb5 Bc6 19. Ba6 Rb8 20. a4 Ne8 21. Qe2 Nd6 22. b3 Bb7 1/2-1/2

[Event "EU-Cup 35th"]
[Site "Ulcinj"]
[Date "2019.11.15"]
[Round "6.27"]
[White "Menzies, Colin"]
[Black "Kosmo, Santul"]
[Result "0-1"]
[WhiteElo "2176"]
[BlackElo "2265"]
[PlyCount "36"]
[EventDate "2019.11.10"]
[EventType "team-swiss"]
[EventRounds "7"]
[EventCountry "MNE"]
[SourceTitle "EXT 2021"]
[Source "ChessBase"]
[SourceDate "2020.10.23"]
[SourceVersion "1"]
[SourceVersionDate "2020.10.23"]
[SourceQuality "1"]
[WhiteTeam "Gonzaga"]
[BlackTeam "Ninja"]
[WhiteTeamCountry "IRL"]
[BlackTeamCountry "FIN"]

1. Nf3 Nf6 2. g3 g6 3. Bg2 Bg7 4. 0-0 0-0 5. c4 d6 6. Nc3 e5 7. b3 Re8 8. Bb2 c6 9. d4 e4 10. Ng5 d5 11. cxd5 cxd5 12. f3 h6 13. Nh3 Nc6 14. fxe4 dxe4 15. e3 Ng4 16. Qd2 Nxe3 17. Nxe4 Nxf1 18. Rxf1 Bxh3 0-1

[Event "Bunratty Masters 26th"]
[Site "Bunratty"]
[Date "2019.02.24"]
[Round "6"]
[White "Menzies, Colin"]
[Black "Doyle, Hugh"]
[Result "0-1"]
[WhiteElo "2170"]
[BlackElo "2040"]
[PlyCount "42"]
[EventDate "2019.02.22"]
[EventType "swiss"]
[EventRounds "6"]
[EventCountry "IRL"]
[SourceTitle "EXT 2024"]
[Source "ChessBase"]
[SourceDate "2023.10.10"]
[SourceVersion "1"]
[SourceVersionDate "2023.10.10"]
[SourceQuality "1"]

1. d4 Nf6 2. g4 Nxg4 3. e4 d6 4. Nc3 e5 5. h3 exd4 6. hxg4 dxc3 7. f4 Nd7 8. g5 Nc5 9. Qd4 Qe7 10. Rh2 cxb2 11. Bxb2 Bg4 12. Be2 Bxe2 13. Rxe2 h6 14. 0-0-0 hxg5 15. e5 0-0-0 16. Rde1 dxe5 17. Rxe5 Rxd4 18. Rxe7 Bxe7 19. Bxd4 Ne6 20. Nf3 Nxd4 21. Nxd4 Ba3+ 0-1

[Event "Bunratty Masters 26th"]
[Site "Bunratty"]
[Date "2019.02.22"]
[Round "1"]
[White "Menzies, Colin"]
[Black "Wells, Peter K"]
[Result "0-1"]
[WhiteElo "2170"]
[BlackElo "2415"]
[PlyCount "46"]
[EventDate "2019.02.22"]
[EventType "swiss"]
[EventRounds "6"]
[EventCountry "IRL"]
[SourceTitle "EXT 2024"]
[Source "ChessBase"]
[SourceDate "2023.10.10"]
[SourceVersion "1"]
[SourceVersionDate "2023.10.10"]
[SourceQuality "1"]

1. Nf3 Nf6 2. c4 e6 3. e3 b6 4. g3 Bb7 5. Bg2 d5 6. cxd5 exd5 7. 0-0 Be7 8. b3 0-0 9. Bb2 Re8 10. Qc2 c5 11. d4 Na6 12. Nc3 Rc8 13. Bh3 Nb4 14. Qb1 Rb8 15. Rd1 Bf8 16. Ba3 a5 17. Bf1 Ng4 18. dxc5 Qf6 19. Rd4 Nxe3 20. fxe3 Qxf3 21. Bc1 Bxc5 22. Bg2 Qf6 23. Rh4 Qxc3 0-1

[Event "London Classic op 10th"]
[Site "London"]
[Date "2018.12.14"]
[Round "6"]
[White "Gschnitzer, Adrian"]
[Black "Menzies, Colin"]
[Result "1-0"]
[WhiteElo "2374"]
[BlackElo "2132"]
[PlyCount "87"]
[EventDate "2018.12.09"]
[EventType "swiss"]
[EventRounds "9"]
[EventCountry "ENG"]
[SourceTitle "CBM 187 Extra"]
[Source "ChessBase"]
[SourceDate "2018.11.04"]
[SourceVersion "1"]
[SourceVersionDate "2018.11.04"]
[SourceQuality "1"]

1. e4 c5 2. Nf3 Nf6 3. Nc3 d5 4. exd5 Nxd5 5. Bb5+ Bd7 6. Ne5 Bxb5 7. Qf3 f6 8. Nxb5 Na6 9. Qh5+ g6 10. Nxg6 hxg6 11. Qxh8 Qd7 12. Nc3 Nab4 13. 0-0 Nxc2 14. Rb1 Nf4 15. d4 Nd3 16. Bh6 0-0-0 17. Bxf8 Nf4 18. h3 cxd4 19. Qh6 e5 20. Rbc1 Qc6 21. f3 d3 22. g3 Qb6+ 23. Kh1 Qxb2 24. gxf4 Qxc3 25. Qxg6 Rxf8 26. Rfd1 Rd8 27. Qf5+ Kb8 28. Qxf6 Qc8 29. Kh2 exf4 30. Qxf4+ Ka8 31. Rd2 Rf8 32. Qe4 Qb8+ 33. Kh1 Rh8 34. Qxd3 Rxh3+ 35. Kg1 Qg8+ 36. Rg2 Qh8 37. Qxc2 Rh1+ 38. Kf2 Qd4+ 39. Ke2 Qe5+ 40. Kd3 Qd5+ 41. Ke3 Qe6+ 42. Kf2 Rh8 43. Qb3 Qe8 44. Rcg1 1-0

[Event "London Classic op 10th"]
[Site "London"]
[Date "2018.12.10"]
[Round "2"]
[White "Fischer, Daniel1111"]
[Black "Menzies, Colin"]
[Result "1/2-1/2"]
[WhiteElo "2324"]
[BlackElo "2132"]
[PlyCount "165"]
[EventDate "2018.12.09"]
[EventType "swiss"]
[EventRounds "9"]
[EventCountry "ENG"]
[SourceTitle "CBM 187 Extra"]
[Source "ChessBase"]
[SourceDate "2018.11.04"]
[SourceVersion "1"]
[SourceVersionDate "2018.11.04"]
[SourceQuality "1"]

1. e4 c6 2. d4 d5 3. Nc3 dxe4 4. Nxe4 Bf5 5. Ng3 Bg6 6. Nf3 Nd7 7. Bc4 e6 8. 0-0 Ngf6 9. Re1 Nb6 10. Bb3 Be7 11. c3 0-0 12. Nh4 c5 13. Nxg6 hxg6 14. dxc5 Qxd1 15. Bxd1 Bxc5 16. Bf3 Nbd5 17. Bg5 Rab8 18. Rad1 b5 19. Rd3 Nb6 20. Re5 Nfd7 21. Re2 Nf6 22. b3 Rbc8 23. Bb7 Rb8 24. Bc6 Nbd5 25. Ne4 Nxe4 26. Rxe4 Ne7 27. Bd7 Rb7 28. b4 Nd5 29. Bc6 Rc7 30. Bxb5 Bxf2+ 31. Kxf2 Nxc3 32. Rxc3 Rxc3 33. a4 Rb3 34. Be3 Ra8 35. Ba6 f5 36. Rc4 Rb2+ 37. Kf3 e5 38. h4 Kh7 39. b5 Rb3 40. Ke2 Rb2+ 41. Kd3 Rxg2 42. Rc8 Rxc8 43. Bxc8 Rg3 44. Ke2 Rg2+ 45. Kf1 Rc2 46. Ba6 Ra2 47. Bxa7 Rxa4 48. Bb8 e4 49. Bf4 Ra1+ 50. Ke2 Rb1 51. Kd2 Rf1 52. b6 Rxf4 53. b7 e3+ 54. Kc3 Re4 55. b8Q e2 56. Bxe2 Rxe2 57. Kd3 Re4 58. Qd8 Ra4 59. Ke3 Ra3+ 60. Kd4 Ra4+ 61. Kd5 Ra6 62. Qg5 Ra5+ 63. Kc6 Ra6+ 64. Kb7 Rf6 65. Qf4 Re6 66. Kc8 Re4 67. Qg5 Rg4 68. Qd8 Rc4+ 69. Kb7 Re4 70. Kc6 Re6+ 71. Kd5 Rf6 72. Ke5 f4 73. Qd2 f3 74. Qf2 Kh8 75. Ke4 Kh7 76. Ke3 Kh6 77. Kd2 Kh7 78. Ke1 Re6+ 79. Kf1 Rf6 80. Kg1 Kh8 81. Kh2 Kh7 82. Kg3 Kh8 83. Kg4 1/2-1/2

[Event "Bunratty Masters op 20th"]
[Site "Bunratty"]
[Date "2013.03.01"]
[Round "1"]
[White "Menzies, Colin"]
[Black "Aguera Naredo, Javier"]
[Result "0-1"]
[WhiteElo "2128"]
[BlackElo "2390"]
[PlyCount "60"]
[EventDate "2013.03.01"]
[EventType "swiss"]
[EventRounds "6"]
[EventCountry "IRL"]
[SourceTitle "CBM 153 Extra"]
[Source "ChessBase"]
[SourceDate "2013.04.22"]
[SourceVersion "1"]
[SourceVersionDate "2013.04.22"]
[SourceQuality "1"]

1. Nf3 d6 2. c4 e5 3. g3 f5 4. Bg2 Nf6 5. Nc3 Be7 6. Rb1 0-0 7. 0-0 Qe8 8. b4 Qh5 9. d3 f4 10. gxf4 Bh3 11. Bxh3 Qxh3 12. Ng5 Qh4 13. f3 exf4 14. Nge4 Nc6 15. Qe1 Qh6 16. Qf2 Nxe4 17. Nxe4 Bh4 18. Qg2 Nd4 19. Rb2 Rae8 20. Kh1 Re6 21. Rg1 Rf5 22. e3 Rg6 23. exd4 Rxg2 24. Rgxg2 g6 25. d5 Be7 26. Rg4 Qh3 27. Nd2 Bf6 28. Rb1 Bd4 29. Rg2 Be3 30. Nb3 Rg5 0-1

[Event "Bunratty Masters op 17th"]
[Site "Bunratty"]
[Date "2010.02.19"]
[Round "2"]
[White "Menzies, Colin"]
[Black "Baburin, Alexander"]
[Result "0-1"]
[WhiteElo "2091"]
[BlackElo "2552"]
[PlyCount "62"]
[EventDate "2010.02.19"]
[EventType "swiss"]
[EventRounds "6"]
[EventCountry "IRL"]
[SourceTitle "CBM 135 Extra"]
[Source "ChessBase"]
[SourceDate "2010.05.04"]
[SourceVersion "1"]
[SourceVersionDate "2010.05.04"]
[SourceQuality "1"]

1. Nf3 d5 2. c4 e6 3. b3 Nf6 4. Bb2 Be7 5. g3 0-0 6. Bg2 c5 7. e3 Nc6 8. 0-0 d4 9. exd4 cxd4 10. d3 e5 11. a3 a5 12. Re1 Nd7 13. Qc2 f6 14. Nbd2 Nc5 15. Ne4 Nxe4 16. Rxe4 Bc5 17. Nd2 f5 18. Ree1 Qd6 19. Qd1 Bd7 20. Bd5+ Kh8 21. Nf3 Rae8 22. Ng5 Qg6 23. Qd2 e4 24. dxe4 f4 25. Nf7+ Rxf7 26. Bxf7 Qxf7 27. Qxf4 Qh5 28. Bc1 Ne5 29. Kf1 Bh3+ 30. Kg1 Rf8 31. g4 Rxf4 0-1

[Event "Bunratty Masters op 17th"]
[Site "Bunratty"]
[Date "2010.02.19"]
[Round "6"]
[White "Menzies, Colin"]
[Black "Daly, Justin"]
[Result "1/2-1/2"]
[WhiteElo "2091"]
[BlackElo "1964"]
[PlyCount "36"]
[EventDate "2010.02.19"]
[EventType "swiss"]
[EventRounds "6"]
[EventCountry "IRL"]
[SourceTitle "CBM 135 Extra"]
[Source "ChessBase"]
[SourceDate "2010.05.04"]
[SourceVersion "1"]
[SourceVersionDate "2010.05.04"]
[SourceQuality "1"]

1. d4 Nf6 2. Nf3 e6 3. Bg5 h6 4. Bh4 Be7 5. e3 b6 6. Bd3 Bb7 7. Nbd2 d6 8. h3 Nbd7 9. c3 c5 10. a4 a6 11. Qe2 d5 12. e4 dxe4 13. Nxe4 Nxe4 14. Bxe4 Bxe4 15. Qxe4 Bxh4 16. Nxh4 0-0 17. 0-0 Nf6 18. Qe5 cxd4 1/2-1/2

[Event "Bunratty Masters op 17th"]
[Site "Bunratty"]
[Date "2010.02.19"]
[Round "4"]
[White "Short, Philip M"]
[Black "Menzies, Colin"]
[Result "1-0"]
[WhiteElo "2296"]
[BlackElo "2091"]
[PlyCount "49"]
[EventDate "2010.02.19"]
[EventType "swiss"]
[EventRounds "6"]
[EventCountry "IRL"]
[SourceTitle "CBM 135 Extra"]
[Source "ChessBase"]
[SourceDate "2010.05.04"]
[SourceVersion "1"]
[SourceVersionDate "2010.05.04"]
[SourceQuality "1"]

1. d4 Nf6 2. c4 b6 3. Nf3 Bb7 4. Nc3 d5 5. cxd5 Nxd5 6. e3 e6 7. Bb5+ c6 8. Bd3 Nd7 9. 0-0 Nxc3 10. bxc3 Be7 11. Qc2 h6 12. e4 0-0 13. Bf4 c5 14. Rad1 cxd4 15. cxd4 Nf6 16. Qe2 Qd7 17. d5 exd5 18. e5 Nh5 19. Bc1 Qg4 20. h3 Qb4 21. a3 Qa4 22. Nd4 Ng3 23. Qg4 Nxf1 24. Bxh6 g5 25. Qf5 1-0

[Event "FICGS class D 000092 email"]
[Site "FICGS email"]
[Date "2008.06.29"]
[Round "1"]
[White "Menzies, Colin"]
[Black "Martinez Camacho, Victor Hugo"]
[Result "1-0"]
[WhiteElo "1585"]
[BlackElo "1485"]
[PlyCount "39"]
[EventDate "2008.??.??"]
[EventType "tourn (corr)"]
[EventRounds "6"]
[SourceTitle "Corr 2022"]
[Source "ChessBase"]
[SourceDate "2021.10.24"]
[SourceVersion "1"]
[SourceVersionDate "2021.10.24"]
[SourceQuality "1"]

1. Nf3 Nf6 2. c4 d6 3. g3 g6 4. Bg2 Bg7 5. 0-0 0-0 6. Nc3 c5 7. a3 Nc6 8. Rb1 a6 9. d3 b6 10. Ne5 Nxe5 11. Bxa8 Bh3 12. Bg2 Bxg2 13. Kxg2 Nc6 14. e4 Nd7 15. Qa4 Na5 16. Nd5 b5 17. cxb5 axb5 18. Qxb5 e6 19. Nf4 Nf6 20. Bd2 1-0

[Event "FICGS class D 000092 email"]
[Site "FICGS email"]
[Date "2008.06.29"]
[Round "1"]
[White "Munteanu, Sergiu"]
[Black "Menzies, Colin"]
[Result "0-1"]
[WhiteElo "1800"]
[BlackElo "1585"]
[PlyCount "40"]
[EventDate "2008.??.??"]
[EventType "tourn (corr)"]
[EventRounds "6"]
[SourceTitle "Corr 2022"]
[Source "ChessBase"]
[SourceDate "2021.10.24"]
[SourceVersion "1"]
[SourceVersionDate "2021.10.24"]
[SourceQuality "1"]

1. e4 c5 2. Nf3 e6 3. b3 b6 4. Bb2 Bb7 5. d3 d6 6. Nbd2 Nf6 7. Nc4 Nc6 8. Bxf6 Qxf6 9. g3 Qc3+ 10. Nfd2 Nd4 11. Bg2 Qxa1 12. Qxa1 Nxc2+ 13. Ke2 Nxa1 14. Rxa1 0-0-0 15. Nf3 Be7 16. Ne3 Bf6 17. Rc1 Kb8 18. Ng4 Bb2 19. Rc2 h5 20. Rxb2 hxg4 0-1